01747nam a22002297a 450000100060000000300060000600500170001200800410002902000180007004000290008808200080011710000210012524500590014626000390020530000420024450000060028650500070029252011420029952100270144152100180146865000310148610065FISKH20260403090901.0260403b cb ||||| |||| 00| 0 eng d a9780007586110 aFISKHbengcFISKHdFISKH a500 aMorrison, Karen  aCollins international primary science : bWorkbook 2 / aLondon : bHarper Collins, c2014. a76 pages : billustrations ; c27 cm  aJ aJ  aCollins Primary Science fully meets the requirements of the Cambridge Assessment International Education Primary Science Curriculum Framework and the material has been carefully developed to meet the needs of primary science students and teachers in a range of international contexts. Content is organised according to the three main strands: Biology, Chemistry and Physics and the skills detailed under the Scientific Enquiry strand are introduced and taught in the context of those areas. For each of Stages 1 to 6 as detailed in the Cambridge Primary Science Framework, we offer: A full colour, highly illustrated and photograph rich Student's Book A write-in Workbook linked to the Student's Book Provides support as part of a set of resources for the Cambridge Primary curriculum framework from 2011. This title is endorsed by Cambridge Assessment International Education. This comprehensive Teacher's Guide with clear suggestions for using the materials, including the electronic components of the course A DVD-ROM which contains slideshows, video clips, additional photographs and interactive activities for use in the classroom. 8 a500 bLexile estimate 8 aJ bRaz-Plus  aScience Book vNon-Fiction